000 01091nam a2200265 i 4500
001 bg
245 0 0 _aWykaz zwierząt Polski =
_bChecklist of animals of Poland.T. 2 cz.33/25-29 Insecta: Trichoptera - Siphonaptera, cz.33-43 Chaetognatha - Mammalia /
_cpod red. Józefa Razowskiego ; Polska Akademia Nauk. Instytut Systematyki i Ewolucji Zwierząt ; [aut. Zygmunt Bocheński et al.].
246 1 1 _aChecklist of animals of Poland
260 _aWrocław [etc.] :
_bZakł. Narodowy im. Ossolińskich,
_c1991.
300 _a342 s. ;
_c24 cm.
500 _aTekst równol. pol., ang.
504 _aBibliogr. przy rozdz. - Indeks.
650 9 _aOwady
_xsystematyka
_zPolska
650 9 _aZwierzęta
_xsystematyka
_zPolska
700 1 _aRAZOWSKI, Józef.
_eRed.
700 1 _aBOCHEŃSKI, Zygmunt.
710 0 _aPolska Akademia Nauk
_bInstytut Systematyki i Ewolucji Zwierząt (Kraków)
020 _a8304037599 (t. 2)
040 _cBPK
041 0 _aplenla
080 _a592/599(438)(083.8)
920 _a83-04-03759-9 (t. 2)
942 _cKS
008 s pl f |000 0 pol
999 _c36285
_d36285
856 _uhttp://koha.tu.koszalin.pl/cgi-bin/koha/opac-detail.pl?biblionumber=36285
_yKatalog online BPK